La diseducazione di Cameron Post /

Uloženo v:
Podrobná bibliografie
Hlavní autor: Danforth, Emily M.
Další autoři: Celi, Lia
Médium: Kniha
Jazyk:italština
Vydáno: [Milano] : Rizzoli, 2018
Tagy: Přidat tag
Žádné tagy, Buďte první, kdo vytvoří štítek k tomuto záznamu!

MARC

LEADER 00000nam a2200000 i 4500
001 IT\ICCU\CFI\0991092
003 ItRI
005 20260115232050.0
008 181030s2018 it |||||| ||||| |||||c
015 |2 IT  |a 2018-13885 
020 |a 9788817108287 
040 |b ita  |c importazione bologna sebina 
041 7 |a ita  |2 ISO-639-2 
082 |a 813.6  |9 NARRATIVA AMERICANA IN LINGUA INGLESE, 2000-  |2 23 
100 1 |a Danforth, Emily M.  |0 IT\ICCU\CFIV\344823 
240 1 4 |a The miseducation of Cameron Post  |3 IT\ICCU\CFI\0991093  |9 Danforth, Emily M. 
245 1 3 |a La diseducazione di Cameron Post /  |c Emily M. Danforth ; traduzione di Lia Celi. 
260 |a [Milano] :  |b Rizzoli,  |c 2018 
300 |a 536 p. ;  |c 22 cm 
700 1 |a Celi, Lia  |0 IT\ICCU\UBOV\097550 
942 |2 ddc  |c BK  |n 0 
952 |0 0  |1 0  |4 0  |6 R_813_600000000000000_DAN  |7 0  |9 19451  |a BO  |b BO  |d 2026-01-15  |i 18928  |l 0  |o R 813.6 DAN  |p BO18928  |r 2026-01-15 23:20:50  |w 2026-01-15  |x [Sebina 5] [1 v.]  |y BK  |z 1 v. 
999 |c 16562  |d 16562